000 00766nam a2200217 u 4500
005 20210223132900.0
008 160413s2011 mx r 000 0 spa d
020 _a9786076060469
035 _aUPN01000209502
049 _aCG
050 4 _aLE7.6313 U2k
_bU5.6
110 2 _aUniversidad Juárez Autónoma de Tabasco
_931564
245 1 3 _aEl patrimonio universitario /
_cUniversidad Juárez Autónoma de Tabasco ; comp. Fernando Rabelo Hartmann
260 _aVillahermosa :
_bUJAT,
_c2011.
300 _a306 p. :
_bil. col.
440 0 _aJusto Sierra.
_pDocumentos y estudios sobre la universidad
610 2 4 _aUNIVERSIDAD JUAREZ AUTONOMA DE TABASCO -
_xEDIFICIOS
_926394
700 1 _aRabelo Hartmann, Fernando,
_ecomp.
905 _aLibro
999 _c181603
_d181603